00662nam a2200181 4500001000700000003000900007005001700016007000300033008004100036100003600077245010600113250001300219260005300232300002200285852003200307999001900339952012200358128046ES-MaACL20230906193140.0t|070214s1978 sp r ||||1| spa d1 aRipalda, José María.99741613aLa nación dividida b: raíces de un pensador burgués : G.W.F. Hegel / cJosé María Ripalda. a1ª. ed. aMadrid : bFondo de Cultura Económica, c1978. a327 p. ; c21 cm. aES-MaACLjA-10175 bR.98760 c128046d128046 00104070aATENEOMbATENEOMcDEPO1d2008-01-17eSCl0oA-10175p1133362r2023-02-23 00:00:00w2023-02-23yMONOGRAFIA